| 000 | 00676nam a2200289Ia 4500 | ||
|---|---|---|---|
| 005 | 20260324142451.0 | ||
| 008 | 008 260324s9999 xx 000 0 eng d | ||
| 020 | _a9780429309304 | ||
| 037 | _aEBOOK | ||
| 040 | _aCRL | ||
| 040 | _beng | ||
| 040 | _cCRL | ||
| 041 | _2eng | ||
| 041 | _aeng | ||
| 084 | _qCRL | ||
| 100 |
_aWilliam Sander _91212044 |
||
| 245 | 4 | _aThe Catholic Family | |
| 245 | 0 | _bMarriage, Children, And Human Capital | |
| 260 | _bTaylor and Francis | ||
| 260 | _c1995 | ||
| 365 | _a | ||
| 365 | _b230 | ||
| 856 | _uhttp://www.taylorfrancis.com/books/9780429309304 | ||
| 942 | _cEBOOK | ||
| 999 |
_c1816273 _d1816273 |
||